[Event "Titled Tue 3rd Jun Early"]
[Site "chess.com INT"]
[Date "2025.06.03"]
[Round "2"]
[White "Zienkiewicz, Jan"]
[Black "Lee, Alice"]
[Result "1-0"]
[WhiteTitle "FM"]
[BlackTitle "IM"]
[WhiteElo "2362"]
[BlackElo "2389"]
[WhiteFideId "45116768"]
[BlackFideId "30941822"]
[EventDate "2025.06.03"]

1. e4 b6 2. d4 Bb7 3. Bd3 e6 4. Nf3 g6 5. O-O Bg7 6. c3 Ne7 7. Bg5 h6 8. Bf4 d6
9. Re1 g5 10. Bg3 Nd7 11. Nbd2 e5 12. dxe5 Nxe5 13. Nxe5 dxe5 14. Nc4 Ng6 15.
Ne3 O-O 16. Nf5 Bc8 17. Qf3 Nf4 18. Bxf4 exf4 19. Rad1 Bxf5 20. exf5 Qf6 21. h4
c5 22. hxg5 hxg5 23. g4 fxg3 24. fxg3 Rad8 25. Kg2 Rd6 26. Bc2 Rfd8 27. Rxd6
Rxd6 28. Rd1 Bf8 29. Rxd6 Qxd6 30. Qe4 Be7 31. Qd3 Qc6+ 32. Qe4 Qd6 33. Qd3 Qf6
34. Qe4 Kg7 35. Bb3 b5 36. Bd5 b4 37. Qd3 Bd6 38. Be4 bxc3 39. bxc3 Be5 40. c4
Bd4 41. Bd5 Qb6 42. Qb3 Qf6 43. Qf3 Ba1 44. Qd3 Qb2+ 45. Kh3 Qxa2 46. Qe3 Bf6
47. Qxc5 Qa1 48. Kg2 Qb2+ 49. Qf2 Qa3 50. Qf3 Qc5 51. Qe2 a5 52. Qe8 Qa7 53. Qa4
Bc3 54. Qb3 Bd4 55. Qa4 Bc5 56. Qa1+ Bd4 57. Qa4 Bf6 58. Kf3 Qb6 59. Qa3 Bd4 60.
Be4 Qc5 61. Qxc5 Bxc5 62. Bc2 Kf6 63. Ke4 g4 64. Kf4 Bd6+ 65. Kxg4 Ke5 66. Kg5
Kd4 67. g4 Be5 68. f6 Kxc4 69. Kf5 Bd4 70. g5 Kc3 71. Bb1 Kb2 72. Be4 a4 73. Bd5
a3 74. Bxf7 a2 75. Bxa2 Kxa2 76. g6 Kb3 77. g7 Bc5 78. g8=Q+ Ka3 79. Qe6 Bb4 80.
Qc6 Kb2 81. f7 Ka3 82. Ke6 Kb2 83. Kd7 Ka3 84. Ke8 Kb2 85. f8=Q Ka3 86. Qxb4+
Kxb4 87. Kd7 Kb3 88. Kd6 Kb4 89. Kd5 Ka5 90. Qb7 Ka4 91. Kc4 Ka3 92. Qb3# 1-0

[Event "Titled Tue 3rd Jun Early"]
[Site "chess.com INT"]
[Date "2025.06.03"]
[Round "2"]
[White "Fisabilillah, Ummi"]
[Black "Rubio, Lloyd"]
[Result "1-0"]
[WhiteTitle "WIM"]
[WhiteElo "2115"]
[BlackElo "2167"]
[WhiteFideId "7104804"]
[BlackFideId "5210453"]
[EventDate "2025.06.03"]

1. Nf3 Nf6 2. b3 g6 3. Bb2 Bg7 4. e3 O-O 5. Be2 d6 6. d4 c6 7. O-O Bg4 8. Nbd2
Nbd7 9. h3 Bxf3 10. Bxf3 a5 11. a3 e5 12. Re1 Qe7 13. e4 Rfd8 14. c3 Nf8 15. Qc2
Ne6 16. Rad1 Nf4 17. Nf1 h5 18. Bc1 Ne6 19. d5 cxd5 20. exd5 Nc5 21. c4 a4 22.
b4 Nb3 23. Bg5 Rdc8 24. Ne3 Qc7 25. Qd3 Nh7 26. Bh4 f5 27. Bxh5 e4 28. Qe2 Qf7
29. Nxf5 Qxf5 30. Bg4 Qe5 31. Bg3 Qe7 32. Bxc8 Rxc8 33. Qxe4 Qxe4 34. Rxe4 Bf8
35. c5 dxc5 36. d6 Rd8 37. bxc5 Nxc5 38. Rg4 g5 39. h4 Kf7 40. hxg5 Kg6 41. Rd5
b6 42. f4 Kg7 43. f5 Nf6 44. gxf6+ Kxf6 45. Rg6+ Kf7 46. Be5 Rd7 47. Bd4 Ne4 48.
Re6 Ng5 49. Re2 Rxd6 50. Rxd6 Bxd6 51. Bxb6 Bxa3 52. Ra2 Bb2 53. Rxb2 Ne4 54.
Ra2 Nc3 55. Ra3 Nd5 56. Bd4 Nc7 57. Rxa4 Nd5 58. Rc4 Nf4 59. g4 Ne2+ 60. Kf2 Nf4
61. Kf3 Nh3 62. Kg3 Ng5 63. Kf4 Nh3+ 64. Ke5 Kg7 65. Rc7+ Kh6 66. g5+ Kxg5 67.
f6 Kg6 68. Ke6 Ng5+ 69. Ke7 Kf5 70. f7 1-0

[Event "Titled Tue 3rd Jun Early"]
[Site "chess.com INT"]
[Date "2025.06.03"]
[Round "2"]
[White "Sethuraman, Roshan"]
[Black "Ruge, Edison"]
[Result "0-1"]
[BlackTitle "FM"]
[WhiteElo "2074"]
[BlackElo "2201"]
[WhiteFideId "30965250"]
[BlackFideId "4401000"]
[EventDate "2025.06.03"]

1. e4 e5 2. Nf3 Nc6 3. Bb5 f5 4. d3 fxe4 5. dxe4 Nf6 6. Nc3 Bb4 7. O-O Bxc3 8.
bxc3 d6 9. Bg5 O-O 10. Bc4+ Kh8 11. a3 Qe8 12. Qd2 Nxe4 13. Qe3 Nxg5 14. Nxg5 h6
15. Ne4 Qg6 16. Rad1 Bf5 17. f3 Rae8 18. Rd2 Bxe4 19. fxe4 Rxf1+ 20. Bxf1 Rf8
21. Bd3 b6 22. a4 a5 23. h3 Nd8 24. Bc4 Nb7 25. Bb5 Nc5 26. Bc6 Rf4 27. Re2 Qf7
28. Bd5 Rf1+ 29. Kh2 Qf4+ 30. Qxf4 exf4 31. e5 dxe5 32. Rxe5 Nxa4 33. Re8+ Kh7
34. Be4+ g6 35. Re7+ Kg8 36. Rxc7 g5 37. h4 g4 38. h5 Rf2 39. Kg1 Re2 40. Bd3
Rd2 41. Kf1 Rd1+ 42. Ke2 Rg1 43. Kf2 Rd1 44. Rc6 Kf7 45. Bb5 Nc5 46. Ke2 Rg1 47.
Kf2 Rc1 48. Rxh6 Rxc2+ 49. Kf1 Rxc3 50. Rxb6 Ne4 51. Rb7+ Kf6 52. Rb6+ Kg5 53.
h6 Nf6 54. Ra6 Ra3 55. Ke2 f3+ 56. gxf3 gxf3+ 57. Kd1 Ra1+ 58. Kc2 f2 59. Kb2
f1=Q 60. Bxf1 Rxf1 61. h7 Nxh7 62. Rxa5+ Kg6 63. Kc3 Nf6 64. Kd3 Rf4 65. Ke3 Rb4
66. Ra6 Kf5 67. Ra5+ Kg6 68. Kd3 Rh4 69. Re5 Nd7 70. Rb5 Kf6 71. Ke3 Ne5 72. Kf2
Kf5 73. Kg3 Ra4 74. Rb8 Ra3+ 75. Kf2 Ke4 76. Ke2 Ra2+ 77. Kd1 Nc4 78. Re8+ Kd3
79. Rd8+ Kc3 80. Ke1 Rh2 81. Kf1 Ne3+ 82. Kg1 Rg2+ 83. Kh1 Rg6 84. Kh2 Nf5 85.
Kh3 Nd4 86. Kh4 Kd3 87. Kh5 Rg1 88. Kh6 Ke4 89. Re8+ Kf4 90. Rf8+ Nf5+ 91. Kh7
Rg7+ 92. Kh8 Rb7 93. Ra8 Kg5 94. Rg8+ Kh6 95. Ra8 Nh4 96. Ra6+ Ng6+ 97. Kg8 Rg7# 0-1

[Event "Titled Tue 3rd Jun Early"]
[Site "chess.com INT"]
[Date "2025.06.03"]
[Round "2"]
[White "Guerra Tulcan, Lenin"]
[Black "Galperin, Platon"]
[Result "1/2-1/2"]
[WhiteTitle "IM"]
[BlackTitle "GM"]
[WhiteElo "2310"]
[BlackElo "2494"]
[WhiteFideId "3601382"]
[BlackFideId "14165414"]
[EventDate "2025.06.03"]

1. e4 e5 2. Nf3 Nc6 3. Bb5 a6 4. Ba4 Nf6 5. Qe2 Bc5 6. c3 O-O 7. O-O Re8 8. Rd1
d5 9. d3 b5 10. Bb3 h6 11. h3 Be6 12. Nbd2 a5 13. Nf1 a4 14. Bc2 d4 15. a3 Qd6
16. Nh4 Na5 17. Ng3 Nb3 18. Nhf5 Qf8 19. Bxb3 Bxb3 20. Rf1 Ra6 21. Kh1 Nd7 22.
f4 g6 23. Qg4 Nf6 24. Qh4 gxf5 25. Nxf5 Nh7 26. fxe5 Ree6 27. cxd4 Be7 28. Qf2
Rg6 29. d5 Bc5 30. d4 Be7 31. Be3 Bc4 32. Rfe1 Ng5 33. Bd2 Bd3 34. Qf4 Nxe4 35.
Rxe4 Bg5 36. Qf3 Bxe4 37. Qxe4 Bxd2 38. Rd1 Bg5 39. h4 Bd8 40. h5 Rg5 41. g4 Qe8
42. Rd3 Qd7 43. Rf3 b4 44. Ne3 bxa3 45. bxa3 Rb6 46. Kh2 Rb3 47. e6 fxe6 48.
dxe6 Qd6+ 49. Kh3 Rxa3 50. d5 Rb3 51. Nf5 Rxf3+ 52. Qxf3 Qe5 53. Nxh6+ Kh7 54.
Nf7 Qg7 55. Nxg5+ Qxg5 56. Qf7+ Qg7 57. Qf5+ Kh8 58. Qf4 a3 59. Qa4 Qc3+ 60. Kg2
Kg7 61. Qd7+ Kh6 62. Qxd8 a2 63. Qf8+ Kg5 64. Qf5+ Kh4 65. Qf2+ Kxg4 66. Qe2+
Kf4 67. Qf2+ Kg4 68. Qe2+ Kf4 69. Qf2+ Ke4 70. e7 Qg7+ 71. Kh3 Qxe7 72. Qe2+
Kxd5 73. Qxe7 a1=Q 74. Qxc7 Qh1+ 75. Kg4 Qg2+ 76. Qg3 Qxg3+ 77. Kxg3 Ke5 78. Kg4
Kf6 79. Kf4 Kg7 80. Kg5 Kh7 81. h6 Kh8 82. Kg6 Kg8 83. h7+ Kh8 84. Kh6 1/2-1/2

[Event "Titled Tue 3rd Jun Early"]
[Site "chess.com INT"]
[Date "2025.06.03"]
[Round "2"]
[White "Hernandez Izquierdo, Jose A."]
[Black "Rojas Alarcon, Julian Antonio"]
[Result "1/2-1/2"]
[WhiteTitle "IM"]
[BlackTitle "FM"]
[WhiteElo "2223"]
[BlackElo "2365"]
[WhiteFideId "3527263"]
[BlackFideId "5107407"]
[EventDate "2025.06.03"]

1. e4 c5 2. Nf3 d6 3. d4 cxd4 4. Nxd4 Nf6 5. Nc3 g6 6. f4 Bg7 7. e5 Nh5 8. Bb5+
Bd7 9. e6 fxe6 10. Nxe6 Bxc3+ 11. bxc3 Qc8 12. Qd4 Rg8 13. Bxd7+ Kxd7 14. Ng5 h6
15. Ne4 Nc6 16. Qd5 Rf8 17. O-O Rf5 18. Qd3 Nf6 19. Ba3 Nxe4 20. Qxe4 Qf8 21. c4
b6 22. Rad1 Rc8 23. c5 bxc5 24. g4 Rf6 25. Bxc5 Qf7 26. Be3 Qe6 27. Qf3 Rc7 28.
Qg3 h5 29. h3 hxg4 30. hxg4 Rf8 31. Rfe1 Qxa2 32. Re2 Rh8 33. Rde1 Qd5 34. Qg2
Qxg2+ 35. Kxg2 Rhc8 36. c3 Ke8 37. Bd4 Kf7 38. f5 gxf5 39. gxf5 Nxd4 40. cxd4
Rb8 41. Re6 Rb5 42. f6 Rg5+ 43. Kh3 exf6 44. Rxd6 Rc8 45. Rd7+ Kg6 46. Re4 a5
47. Ra7 Rc1 48. Kh2 Rc2+ 49. Kh3 Rc3+ 50. Kh4 Rc8 51. Kh3 Rg1 52. Rg4+ Rxg4 53.
Kxg4 Rc4 54. Rxa5 Rxd4+ 55. Kf3 Rb4 56. Rc5 f5 57. Rc8 Rb5 58. Kf4 Rb4+ 59. Kf3
Rd4 60. Rg8+ Kf6 61. Rf8+ Ke6 62. Re8+ Kf7 63. Ra8 Rb4 64. Ra7+ Kf6 65. Ra8 Rb3+
66. Kf4 Rb4+ 67. Kf3 Rb6 68. Rf8+ Ke5 69. Re8+ Re6 70. Rxe6+ Kxe6 71. Kf4 Kf6
72. Kf3 Ke5 73. Ke3 f4+ 74. Kf3 Kf5 75. Kf2 Ke4 76. Ke2 Kf5 77. Kf3 Kg5 78. Kf2
Kg4 79. Kg2 Kh4 80. Kf3 Kg5 81. Kf2 Kg6 82. Kf3 Kf5 83. Kf2 Ke4 84. Ke2 f3+ 85.
Kf2 Kf4 86. Kf1 Ke3 87. Ke1 Kd4 88. Kf2 Ke4 89. Kf1 Kf5 90. Kf2 Kg4 91. Kf1 Kh4
92. Kf2 Kg4 93. Kf1 Kf5 94. Kf2 Kf4 95. Kf1 Kg3 96. Kg1 f2+ 97. Kf1 Kf3 1/2-1/2

[Event "Titled Tue 3rd Jun Early"]
[Site "chess.com INT"]
[Date "2025.06.03"]
[Round "2"]
[White "Wyss, Jonas"]
[Black "Sarveshwaran V"]
[Result "0-1"]
[WhiteTitle "FM"]
[BlackTitle "CM"]
[WhiteElo "2278"]
[BlackElo "2290"]
[WhiteFideId "1311387"]
[BlackFideId "25699016"]
[EventDate "2025.06.03"]

1. e4 e6 2. d4 d5 3. exd5 exd5 4. Nf3 Bd6 5. c4 dxc4 6. Bxc4 Nf6 7. O-O O-O 8.
Nc3 Bg4 9. h3 Bh5 10. g4 Bg6 11. Ne5 Nc6 12. f4 Ne4 13. Nxc6 Nxc3 14. Nxd8 Nxd1
15. Rxd1 Bc2 16. Rd2 Be4 17. Nxf7 Rxf7 18. Re2 Bf3 19. Rf2 Bc6 20. Bd2 Kf8 21.
Bxf7 Kxf7 22. Re1 a6 23. f5 a5 24. Bf4 Bb4 25. Bd2 Bd6 26. Bf4 Bb4 27. Re6 Rd8
28. a3 Bf8 29. Bxc7 Rxd4 30. Bxa5 Rd1+ 31. Kh2 Bc5 32. Rfe2 Rh1+ 33. Kg3 Rg1+
34. Kh4 Bd7 35. Bb4 Bxb4 36. axb4 Bxe6 37. fxe6+ Ke7 38. Kg5 Rf1 39. h4 Rf6 40.
h5 h6+ 41. Kh4 Rf4 42. Kg3 Rxb4 43. Kf3 Rb3+ 44. Ke4 Kxe6 45. Kf4+ Kf6 46. Rc2
Rb4+ 47. Kf3 Rb5 48. Kf4 Rb3 49. Rd2 Rb4+ 50. Kf3 Rb6 51. Rc2 Rc6 52. Rxc6+ bxc6
53. Kf4 Ke6 54. Ke4 Kf6 55. Kf4 Ke6 56. g5 Kd5 57. g6 Ke6 58. Ke4 Kf6 59. Kd4
Kg5 60. Kc5 Kxh5 61. Kxc6 Kxg6 62. b4 h5 63. b5 h4 64. b6 h3 65. b7 h2 66. b8=Q
h1=Q+ 67. Kc5 Qg1+ 68. Kd5 Qg2+ 69. Kd4 Qf2+ 70. Kd3 Qf3+ 71. Kd2 Qg2+ 72. Ke1
Qe4+ 73. Kf2 Qf5+ 74. Kg1 Qg5+ 75. Kh1 Kh5 76. Qh8+ Kg4 77. Qc8+ Kh4 78. Qh8+
Kg3 79. Qb8+ Kg4 0-1

[Event "Titled Tue 3rd Jun Early"]
[Site "chess.com INT"]
[Date "2025.06.03"]
[Round "2"]
[White "Harshavardhan, G B"]
[Black "Silva, Luca"]
[Result "1-0"]
[WhiteTitle "IM"]
[BlackTitle "FM"]
[WhiteElo "2441"]
[BlackElo "2227"]
[WhiteFideId "25059009"]
[BlackFideId "147370"]
[EventDate "2025.06.03"]

1. e4 c6 2. d4 d5 3. exd5 cxd5 4. c4 Nf6 5. Nc3 Nc6 6. Nf3 a6 7. h3 g6 8. c5 Bg7
9. Bd3 O-O 10. O-O b6 11. cxb6 Qxb6 12. Bc2 a5 13. b3 Ba6 14. Re1 e6 15. Na4 Qa7
16. Ba3 Rfc8 17. Bc5 Qb7 18. Nb6 Nd7 19. Nxc8 Rxc8 20. Rc1 Nxc5 21. dxc5 d4 22.
Be4 Qd7 23. Qd2 Nb4 24. a3 f5 25. axb4 fxe4 26. Rxe4 Bb7 27. Rxd4 Bxd4 28. Qxd4
Qxd4 29. Nxd4 axb4 30. Nxe6 Bd5 31. Nd4 Kf7 32. Kf1 Kf6 33. Ke2 Bxg2 34. Kd3
Bxh3 35. Kc4 Bg2 36. f3 h5 37. Rc2 Bf1+ 38. Kd5 h4 39. Rf2 Bd3 40. c6 h3 41. Rh2
Rh8 42. c7 Ba6 43. Ne2 Ke7 44. Kc6 Bc8 45. Nf4 Kf6 46. Nd5+ Ke6 47. Nxb4 Bd7+
48. Kb6 Ke5 49. Nc6+ Kf4 50. Ne7 Kg3 51. Rh1 Kg2 52. Ra1 h2 53. b4 h1=Q 54. Rxh1
Rxh1 55. Kc5 Rc1+ 56. Kd6 Bh3 57. b5 g5 58. b6 Rd1+ 59. Nd5 Rb1 60. Kc5 Kxf3 61.
Nb4 Rc1+ 62. Kd6 Ke4 63. b7 Rd1+ 64. Ke7 Rd7+ 65. Kf6 Rxc7 66. b8=Q Rc5 67. Qe8+
Kd4 68. Nc6+ Kc4 69. Ne5+ Kd4 70. Qd8+ Rd5 71. Qb6+ Ke4 72. Qb4+ Rd4 73. Qe1+
Kd5 74. Kxg5 Be6 75. Nf3 Bd7 76. Qe5+ Kc4 77. Qxd4+ 1-0

[Event "Titled Tue 3rd Jun Early"]
[Site "chess.com INT"]
[Date "2025.06.03"]
[Round "2"]
[White "Suarez, Pedro"]
[Black "Moosavifar, Seyed Abolfazl"]
[Result "1-0"]
[WhiteTitle "CM"]
[BlackTitle "FM"]
[WhiteElo "2066"]
[BlackElo "2303"]
[WhiteFideId "3007642"]
[BlackFideId "42548195"]
[EventDate "2025.06.03"]

1. d4 d5 2. c4 e6 3. Nc3 Nf6 4. cxd5 exd5 5. Bg5 Bb4 6. e3 c6 7. Bd3 h6 8. Bh4
O-O 9. Ne2 b6 10. O-O Bb7 11. Rc1 Nbd7 12. Bb1 Be7 13. f3 c5 14. Qd3 a6 15. a4
c4 16. Qc2 Re8 17. e4 dxe4 18. fxe4 Nxe4 19. Nxe4 Bxh4 20. Nd6 Nf8 21. Nxe8 Qxe8
22. Qxc4 b5 23. Qd3 Bd5 24. b3 Bg5 25. Rc5 Qe3+ 26. Qxe3 Bxe3+ 27. Kh1 Bxb3 28.
Rc3 bxa4 29. Rxe3 Ne6 30. Bf5 Rc8 31. Bxe6 Bxe6 32. Nc3 Rc4 33. d5 Bd7 34. g3 h5
35. Rf4 Rc5 36. Kg1 a3 37. Rf2 Ra5 38. Ra2 Bh3 39. Ne2 Rxd5 40. Rexa3 Rd1+ 41.
Kf2 Rf1+ 42. Ke3 Bg4 43. Rxa6 Rh1 44. Ra8+ Kh7 45. Nf4 g5 46. Nd5 Kg7 47. Rf2
Re1+ 48. Kd4 Rd1+ 49. Kc5 Rc1+ 50. Kd4 Rd1+ 51. Kc4 Be6 52. Ra5 Rc1+ 53. Kd4
Rd1+ 54. Ke5 Re1+ 55. Kd6 Rd1 56. Re2 Bg4 57. Re5 f6 58. Re7+ Kg6 59. Raa7 Bf3
60. Rg7+ Kf5 61. Ra5 Kg4 62. Ke6 Kh3 63. Nxf6 Kxh2 64. Rgxg5 Re1+ 65. Kf5 Kh3
66. Nxh5 Be4+ 67. Kf6 Rf1+ 68. Kg7 Kh2 69. Nf4 Kg1 70. Ra2 Bf3 71. Nh3+ Kh1 72.
Rg6 Rb1 73. Rh6 Rb7+ 74. Kh8 Rb8+ 75. Kg7 Rb7+ 76. Kg6 Rb6+ 77. Kg5 Rb5+ 78. Kh4
Rb4+ 79. Nf4 Kg1 80. Rd6 Rb1 81. Rdd2 Rc1 82. Nh3+ Kf1 83. Rf2+ Ke1 84. Ra4 Be2
85. Re4 Rc2 86. Rexe2+ Rxe2 87. Rxe2+ Kxe2 88. g4 Kf3 89. g5 Ke4 90. g6 Ke5 91.
g7 Kf6 92. g8=Q 1-0

[Event "Titled Tue 3rd Jun Early"]
[Site "chess.com INT"]
[Date "2025.06.03"]
[Round "2"]
[White "Gurel, Ediz"]
[Black "Bakalchuk, Johnatan"]
[Result "0-1"]
[WhiteTitle "GM"]
[BlackTitle "IM"]
[WhiteElo "2636"]
[BlackElo "2438"]
[WhiteFideId "44507356"]
[BlackFideId "2810301"]
[EventDate "2025.06.03"]

1. Nf3 Nf6 2. b3 g6 3. Bb2 Bg7 4. e3 O-O 5. Be2 d6 6. d4 Nbd7 7. O-O c6 8. c4
Re8 9. Nc3 e5 10. dxe5 dxe5 11. Qc2 e4 12. Nd4 h5 13. Rad1 h4 14. h3 Qe7 15.
Rfe1 Nf8 16. Qc1 N8h7 17. Ba3 Qe5 18. Bf1 g5 19. f3 exf3 20. Nxf3 Qa5 21. e4 g4
22. Nxh4 gxh3 23. gxh3 Nh5 24. Ne2 Rxe4 25. Nf3 Bf5 26. Bb2 Rae8 27. Bxg7 Kxg7
28. Ned4 Bg6 29. Rxe4 Rxe4 30. Qb2 N7f6 31. Bg2 Nf4 32. Kh1 Qh5 33. Kh2 c5 34.
Ng1 Rxd4 35. Rxd4 cxd4 36. Qxd4 Nxg2 37. Kxg2 Be4+ 38. Kh2 Qg5 39. Qf2 Qe5+ 40.
Qg3+ Qxg3+ 41. Kxg3 Bb1 42. a3 Ba2 43. b4 Bxc4 44. Nf3 Bd5 45. Nd4 Nd7 46. Kf4
Kf6 47. h4 Kg6 48. Nf5 Kh5 49. Kg3 Be6 50. Nd6 Bd5 51. Nf5 Nb6 52. Ng7+ Kg6 53.
Ne8 Be6 54. Nd6 Bd5 55. Ne8 Bc6 56. Nd6 Kf6 57. Kg4 Ke7 58. Nf5+ Kf6 59. Nd6
Bd7+ 60. Kg3 Ke7 61. Nxb7 Nc4 62. h5 Nxa3 63. Kf4 Kf8 64. Nc5 Bb5 65. Kg5 Kg8
66. Ne4 Nc2 67. Kf6 Nxb4 68. h6 Bc4 69. Ng5 Be6 70. Ke7 Kh8 71. Kf6 a5 72. h7 a4
73. Ke7 a3 74. Ne4 a2 75. Nd6 a1=Q 76. Ne8 Qa7+ 77. Kf8 Kxh7 78. Nf6+ Kg6 79.
Ne8 Qb8 80. Ke7 Qxe8+ 81. Kd6 f5 0-1

[Event "Titled Tue 3rd Jun Early"]
[Site "chess.com INT"]
[Date "2025.06.03"]
[Round "2"]
[White "Nguyen Thien Ngan"]
[Black "Duarte Cramer, Lily Jeanette"]
[Result "1/2-1/2"]
[WhiteTitle "WIM"]
[BlackTitle "WCM"]
[WhiteElo "1998"]
[BlackElo "1828"]
[WhiteFideId "12414816"]
[BlackFideId "29620180"]
[EventDate "2025.06.03"]

1. e4 c5 2. Nf3 d6 3. d4 cxd4 4. Nxd4 Nf6 5. Nc3 a6 6. Be3 e5 7. Nb3 Be6 8. f3
Be7 9. Qd2 h5 10. O-O-O g6 11. h4 Nbd7 12. Bg5 b5 13. Nd5 Nxd5 14. exd5 Bf5 15.
Na5 Bxg5 16. hxg5 Nc5 17. Nc6 Qc7 18. g4 Bd7 19. gxh5 Bxc6 20. dxc6 O-O-O 21.
Qd5 gxh5 22. Bh3+ Kb8 23. Kb1 Rhg8 24. Rhg1 Ka7 25. f4 exf4 26. Rdf1 Ne6 27.
Bxe6 fxe6 28. Qd4+ Kb8 29. Qxf4 Qxc6 30. g6 e5 31. Qf7 Qc7 32. Qd5 Qc5 33. Qe4
Rdf8 34. Rxf8+ Rxf8 35. Rh1 Rg8 36. a3 Qf2 37. Rxh5 Qg1+ 38. Ka2 Qxg6 39. Qe2
Qf7+ 40. b3 Qd5 41. Qe3 Qc6 42. Kb2 Rc8 43. Qd3 Qc5 44. Rh7 Qd4+ 45. Qxd4 exd4
46. Rh4 d3 47. cxd3 Rc5 48. b4 Rd5 49. Kc3 Kc7 50. Rh7+ Kb6 51. Rh8 Kc6 52. Rc8+
Kb6 53. Re8 Rf5 54. Re6 Kc6 55. Kd4 Rf4+ 56. Re4 Rf5 57. Re6 Rd5+ 58. Ke4 Rh5
59. Rf6 Re5+ 60. Kd4 Rh5 61. Rf8 Rh4+ 62. Kc3 Rh3 63. Rf6 Rh4 64. Rg6 Rf4 65.
Rg1 Rh4 66. Ra1 Rf4 67. a4 bxa4 68. Rxa4 Kb6 69. Ra5 Rg4 70. Rd5 Rg6 71. Kc4 Kc6
72. Ra5 Rg4+ 73. Kc3 Kb6 74. Rd5 Kc6 75. Rf5 d5 76. Re5 Kd6 77. Rh5 Kc6 78. Rf5
Kd6 79. Rf6+ Ke5 80. Rxa6 Rg1 81. Ra5 Rc1+ 82. Kd2 Rb1 83. Kc3 Rc1+ 84. Kb2 Rd1
85. Kc2 Rh1 86. Ra3 Rh6 87. Rc3 Rb6 88. Kb3 Kd4 89. Rc7 Kxd3 90. Ka4 Ke4 91. Ka5
Rb8 92. b5 d4 93. Re7+ Kd3 94. b6 Kc3 95. Rc7+ Kd2 96. Ka6 d3 97. Ka7 Rxb6 98.
Kxb6 Ke2 99. Re7+ Kd1 100. Kc5 d2 101. Kd4 Kc1 102. Rc7+ Kb2 103. Rb7+ Kc2 104.
Rc7+ Kb2 105. Rb7+ Kc2 106. Rc7+ Kb2 1/2-1/2

[Event "Titled Tue 3rd Jun Early"]
[Site "chess.com INT"]
[Date "2025.06.03"]
[Round "2"]
[White "Lai, Duc Minh"]
[Black "Klukin, Kirill"]
[Result "1/2-1/2"]
[BlackTitle "IM"]
[WhiteElo "2072"]
[BlackElo "2407"]
[WhiteFideId "12420387"]
[BlackFideId "24199273"]
[EventDate "2025.06.03"]

1. e4 c5 2. Nc3 Nc6 3. Bb5 Nd4 4. Nf3 a6 5. Bd3 e6 6. Nxd4 cxd4 7. Ne2 Bc5 8. c3
dxc3 9. bxc3 d5 10. O-O dxe4 11. Bxe4 Nf6 12. Bf3 e5 13. Qa4+ b5 14. Qh4 Ra7 15.
d4 exd4 16. cxd4 Be7 17. Bb2 Nd5 18. Qg3 O-O 19. Nf4 Bh4 20. Nxd5 Bxg3 21. hxg3
Be6 22. Nf4 Bc4 23. Rfd1 Qf6 24. Rd2 Rd7 25. d5 Qg5 26. d6 Rfd8 27. Ba3 a5 28.
Bc6 b4 29. Bxd7 Rxd7 30. Bb2 h6 31. a3 b3 32. Rc1 Qb5 33. Rd4 Be6 34. Nxe6 fxe6
35. Re1 Qf5 36. Bc3 Qc2 37. Bxa5 b2 38. Rdd1 Rxd6 39. Rxd6 b1=Q 40. Rxb1 Qxb1+
41. Kh2 Qf5 42. Bb6 Qh5+ 43. Kg1 Qe5 44. Rd8+ Kh7 45. Be3 Qh5 46. Rd2 Qa5 47.
Ra2 Qa4 48. Ra1 g5 49. Bd2 Kg6 50. Bb4 h5 51. Re1 Qb3 52. Re3 Qa2 53. f3 h4 54.
gxh4 gxh4 55. Re4 Kh5 56. Kh2 Qd5 57. Be7 h3 58. Kxh3 Kg6 59. Bh4 Qf5+ 60. Kh2
Qd5 61. a4 Qa2 62. Bg3 Kf5 63. Kg1 Kf6 64. Bf2 Kf7 65. g3 Kf6 66. Kg2 Kf5 67.
Rf4+ Kg6 68. Re4 Kf7 69. g4 Kg6 70. Kg3 Qd5 71. Be1 Qd6+ 72. Kg2 Qc6 73. a5 Qc2+
74. Kg3 Qa2 75. Bf2 Kf7 76. Be1 Qa1 77. Kg2 Qb2+ 78. Kg3 Qa2 79. Kh3 Ke8 80. Kg3
Kd7 81. g5 Ke7 82. g6 Kf6 83. Rg4 Kg7 84. Bc3+ Kg8 85. g7 Qd5 86. Bd4 Qd6+ 87.
Kg2 e5 88. Bf2 Qc6 89. Bg3 Qc2+ 90. Kh3 Qh7+ 91. Kg2 Qc2+ 92. Kh3 Qf5 93. Kg2 e4
94. Rxe4 Kxg7 95. Rg4+ Kh7 96. Bf2 Qxa5 97. Rh4+ Kg6 98. Rg4+ Kf5 99. Re4 Qd2
100. Kf1 Qc2 101. Kg2 Qd3 102. Kg3 Qf1 103. Rf4+ Kg5 104. Rg4+ Kf5 105. Rf4+ Ke6
106. Re4+ Kd5 107. Rd4+ Kc6 108. Re4 Qh1 109. Rd4 Qh5 110. Re4 Qg5+ 111. Kh2 Qf5
112. Kg2 Qg6+ 113. Rg4 Qf7 114. Re4 Kd5 115. Rg4 Qb7 116. Re4 Qb2 117. Rg4 Qc2
118. Re4 Qxe4 119. fxe4+ Kxe4 1/2-1/2

[Event "Titled Tue 3rd Jun Early"]
[Site "chess.com INT"]
[Date "2025.06.03"]
[Round "3"]
[White "Hindermann, Felix"]
[Black "Tursunalieva, Nurelina"]
[Result "1-0"]
[WhiteTitle "FM"]
[BlackTitle "WCM"]
[WhiteElo "2289"]
[BlackElo "1810"]
[WhiteFideId "1305212"]
[BlackFideId "13817329"]
[EventDate "2025.06.03"]

1. e4 c5 2. c3 Nf6 3. e5 Nd5 4. d4 cxd4 5. Qxd4 e6 6. Nf3 Nc6 7. Qe4 Be7 8. g3
O-O 9. Bg2 Nc7 10. h4 a6 11. Bg5 h6 12. Bxe7 Qxe7 13. Nbd2 b5 14. h5 Bb7 15. Qg4
Kh8 16. O-O-O Nd5 17. Ne4 b4 18. Nd6 Rab8 19. Rxd5 exd5 20. Nf5 Qc5 21. Qxg7# 1-0

[Event "Titled Tue 3rd Jun Early"]
[Site "chess.com INT"]
[Date "2025.06.03"]
[Round "3"]
[White "Naranjo Moreno, Antonio"]
[Black "De Sousa, Antonio Micaias Silva"]
[Result "1-0"]
[WhiteTitle "FM"]
[WhiteElo "2289"]
[BlackElo "2007"]
[WhiteFideId "2278626"]
[BlackFideId "22798528"]
[EventDate "2025.06.03"]

1. e4 c5 2. Nf3 e6 3. d4 cxd4 4. Nxd4 a6 5. Bd3 Nf6 6. O-O Nc6 7. Nxc6 bxc6 8.
e5 Nd5 9. c4 Nb6 10. Be3 d5 11. exd6 Bxd6 12. c5 Bxh2+ 13. Kxh2 Qh4+ 14. Kg1 Nd5
15. Nc3 Nxe3 16. fxe3 Qg5 17. Qf3 O-O 18. Ne4 1-0

[Event "Titled Tue 3rd Jun Early"]
[Site "chess.com INT"]
[Date "2025.06.03"]
[Round "3"]
[White "Moro Saidon, Gonzalo"]
[Black "Mikhailova, Irina"]
[Result "0-1"]
[BlackTitle "WGM"]
[WhiteElo "2100"]
[BlackElo "2143"]
[WhiteFideId "140082"]
[BlackFideId "4109040"]
[EventDate "2025.06.03"]

1. Nf3 Nf6 2. g3 g6 3. Bg2 Bg7 4. O-O O-O 5. d4 d5 6. c4 c6 7. cxd5 cxd5 8. Nc3
e6 9. Ne5 Nfd7 10. f4 Nc6 11. Nxc6 bxc6 12. Be3 Qb6 13. Na4 Qb5 14. Rc1 Ba6 15.
Re1 Rfc8 16. b3 Qb7 17. Nc5 Nxc5 18. Rxc5 Bf8 19. Rc2 Rc7 20. Qc1 Rac8 21. f5
exf5 22. Bf4 Re7 23. Bxd5 cxd5 0-1

[Event "Titled Tue 3rd Jun Early"]
[Site "chess.com INT"]
[Date "2025.06.03"]
[Round "3"]
[White "Dubnevych, Maksym"]
[Black "Rees, Ioan"]
[Result "1-0"]
[WhiteTitle "FM"]
[BlackTitle "FM"]
[WhiteElo "2292"]
[BlackElo "2288"]
[WhiteFideId "14184001"]
[BlackFideId "1801236"]
[EventDate "2025.06.03"]

1. Nc3 e5 2. Nf3 Nc6 3. d4 exd4 4. Nxd4 Nf6 5. Bg5 Be7 6. Nf5 O-O 7. Nxe7+ Qxe7
8. Nd5 Qe5 9. Bxf6 gxf6 10. e3 Qxb2 11. Bd3 Nb4 12. Qg4+ Kh8 13. Qxb4 Qxa1+ 14.
Ke2 Qe5 15. Qxf8# 1-0

[Event "Titled Tue 3rd Jun Early"]
[Site "chess.com INT"]
[Date "2025.06.03"]
[Round "3"]
[White "Deveci, Huseyin Said"]
[Black "Durarbayli, Vasif"]
[Result "0-1"]
[WhiteTitle "CM"]
[BlackTitle "GM"]
[WhiteElo "2212"]
[BlackElo "2612"]
[WhiteFideId "26322455"]
[BlackFideId "13402935"]
[EventDate "2025.06.03"]

1. e4 c5 2. Nc3 Nc6 3. f4 g6 4. Nf3 Bg7 5. Bc4 e6 6. d3 Nge7 7. O-O d5 8. Bb3
O-O 9. Qe1 Nd4 10. Nxd4 cxd4 11. Ne2 dxe4 12. dxe4 d3 13. cxd3 Qxd3 14. Nc3 b5
15. Be3 Bxc3 16. bxc3 Qxe4 17. Qf2 Nf5 18. Bc5 Rd8 19. Rae1 Qc6 20. g4 Bb7 0-1

[Event "Titled Tue 3rd Jun Early"]
[Site "chess.com INT"]
[Date "2025.06.03"]
[Round "3"]
[White "Hauser, Carlos"]
[Black "Smieszek, Wojciech"]
[Result "0-1"]
[WhiteTitle "CM"]
[BlackTitle "CM"]
[WhiteElo "2219"]
[BlackElo "2141"]
[WhiteFideId "24608238"]
[BlackFideId "1156047"]
[EventDate "2025.06.03"]

1. e4 c5 2. Nf3 g6 3. c4 Nc6 4. d4 cxd4 5. Nxd4 Nf6 6. Nc3 Nxd4 7. Qxd4 d6 8.
Be2 Bg7 9. O-O O-O 10. Qe3 a5 11. b3 a4 12. Rb1 axb3 13. axb3 Be6 14. Nd5 Bxd5
15. exd5 b5 16. Re1 Re8 17. h4 h5 18. Bd3 Ra2 19. Be2 Qa5 20. Bf3 Bh6 21. b4
Bxe3 22. bxa5 Bxf2+ 23. Kf1 Bxe1 24. Kxe1 bxc4 25. Bd2 Nd7 26. Rc1 Ne5 27. Be2
Rc8 28. Bc3 Nd3+ 29. Bxd3 cxd3 0-1